[Event "Mlada Boleslav Region-ch U12"]
[Site "Mlada Boleslav"]
[Date "2017.06.25"]
[Round "5"]
[White "Svoboda, Jan1"]
[Black "Smejkalova, Nicol"]
[Result "1-0"]
[WhiteElo "1250"]
[BlackElo "1167"]
[PlyCount "83"]
[EventDate "2017.06.24"]
[EventType "swiss"]
[EventRounds "7"]
[EventCountry "CZE"]
[SourceTitle "CBM 179 Extra"]
[Source "ChessBase"]
[SourceDate "2017.08.23"]
[SourceVersion "1"]
[SourceVersionDate "2017.08.23"]
[SourceQuality "1"]

1. e4 e5 2. Nf3 Nc6 3. d4 Bb4+ 4. c3 Nxd4 5. Nxd4 Bc5 6. Be3 Nf6 7. Ne6 fxe6 8. Bxc5 Nxe4 9. Bb4 Qf6 10. Qf3 Qxf3 11. gxf3 Ng5 12. Nd2 d6 13. 0-0-0 c5 14. Bxc5 dxc5 15. Bb5+ Bd7 16. Bxd7+ Kxd7 17. Ne4+ Ke7 18. Nxg5 h6 19. Ne4 Rad8 20. Nxc5 Rxd1+ 21. Rxd1 Rd8 22. Rg1 g5 23. Nxb7 Rf8 24. Rd1 Rxf3 25. c4 Rxf2 26. c5 e4 27. c6 e3 28. c7 Rf8 29. Nd6 Kd7 30. c8Q+ Rxc8+ 31. Nxc8+ Kxc8 32. Re1 h5 33. Rxe3 h4 34. Rxe6 g4 35. Rg6 g3 36. hxg3 h3 37. Rh6 a6 38. Rxh3 Kb7 39. Rh6 Ka7 40. g4 a5 41. g5 a4 42. Rf6 1-0

[Event "Mlada Boleslav Region-ch U12"]
[Site "Mlada Boleslav"]
[Date "2017.06.24"]
[Round "3"]
[White "Vopalka, Vojtech"]
[Black "Smejkalova, Nicol"]
[Result "0-1"]
[WhiteElo "1088"]
[BlackElo "1167"]
[PlyCount "68"]
[EventDate "2017.06.24"]
[EventType "swiss"]
[EventRounds "7"]
[EventCountry "CZE"]
[SourceTitle "CBM 179 Extra"]
[Source "ChessBase"]
[SourceDate "2017.08.23"]
[SourceVersion "1"]
[SourceVersionDate "2017.08.23"]
[SourceQuality "1"]

1. e4 e5 2. Nf3 Nc6 3. Nc3 Nf6 4. Bb5 Bc5 5. d3 Ng4 6. Be3 Bxe3 7. fxe3 Nxe3 8. Qd2 Nd4 9. Qxe3 Nxc2+ 10. Kd2 Nxe3 11. Kxe3 c6 12. Bc4 Qb6+ 13. Kd2 d5 14. exd5 cxd5 15. Nxd5 Qf2+ 16. Kc3 Qxg2 17. Nxe5 0-0 18. h4 Qg3 19. Rae1 Be6 20. h5 h6 21. Ne7+ Kh7 22. Bxe6 fxe6 23. N5g6 Rf7 24. Rxe6 Rxe7 25. Rxe7 Rc8+ 26. Kb3 Qxd3+ 27. Ka4 Rc4+ 28. b4 Qc2+ 29. Kb5 a6+ 30. Kb6 Rc6+ 31. Kxb7 Rc8 32. Kxa6 Qc6+ 33. Ka5 Ra8+ 34. Ra7 Rxa7# 0-1